[Event "European Youth Chess Championship B10"]
[Site "Prague, Top Hotel Prague"]
[Date "2016.08.24"]
[Round "6.15"]
[White "Laux, Dominik"]
[Black "Hak, David"]
[Result "1-0"]
[WhiteElo "1659"]
[BlackElo "1747"]
[PlyCount "69"]
[EventDate "2016.08.18"]

1. d4 d5 2. Nc3 Nf6 3. Bf4 Bf5 4. f3 e6 5. g4 Bg6 6. h4 h6 7. e3 Bd6 8. Nh3 c6
9. h5 Bh7 10. Bd3 Qc7 11. Bxh7 Nxh7 12. Bxd6 Qxd6 13. f4 Nd7 14. Nf2 Nb6 15.
Nd3 Nf6 16. Qe2 Nfd7 17. a3 f6 18. O-O-O Nc4 19. Rdg1 O-O-O 20. g5 Rhg8 21.
gxh6 gxh6 22. Rg6 Qf8 23. Nd1 Rxg6 24. hxg6 Qg7 25. Qh5 Rh8 26. f5 exf5 27.
Qxf5 Kc7 28. Nf4 Nf8 29. Rg1 Nd6 30. Qh3 Rg8 31. Nc3 f5 32. Nce2 Ne4 33. Qxf5
Ng5 34. Kd1 Nxg6 35. Rxg5 1-0

[Event "European Youth Chess Championship B10"]
[Site "Prague, Top Hotel Prague"]
[Date "2016.08.24"]
[Round "6.16"]
[White "Paduano, Claudio"]
[Black "Han, Yichen"]
[Result "1-0"]
[WhiteElo "1860"]
[BlackElo "1627"]
[PlyCount "47"]
[EventDate "2016.08.18"]

1. d4 Nf6 2. c4 g6 3. Nc3 Bg7 4. e4 d6 5. f3 O-O 6. Be3 e5 7. d5 Nh5 8. g4 Nf4
9. Qd2 Nd7 10. Nge2 Nxe2 11. Bxe2 Bf6 12. O-O-O Nc5 13. h4 Bd7 14. g5 Bg7 15.
h5 Qe7 16. Rh2 a6 17. Rdh1 Bh8 18. Qe1 b5 19. Qh4 bxc4 20. Bxc4 a5 21. Bxc5
dxc5 22. hxg6 fxg6 23. d6+ Qf7 24. Qxh7# 1-0

[Event "European Youth Chess Championship B10"]
[Site "Prague, Top Hotel Prague"]
[Date "2016.08.24"]
[Round "6.17"]
[White "Pasztor, Balazs"]
[Black "Kolchin, Maxim"]
[Result "0-1"]
[WhiteElo "1825"]
[BlackElo "1590"]
[PlyCount "53"]
[EventDate "2016.08.18"]

1. e4 e6 2. d4 d5 3. e5 c5 4. c3 Nc6 5. Nf3 Bd7 6. a3 Nge7 7. b4 cxd4 8. cxd4
Nf5 9. Be3 b5 10. Bd3 a5 11. bxa5 Nxa5 12. O-O Nxe3 13. fxe3 Nc4 14. Qe2 Be7
15. Nfd2 O-O 16. Rf3 f5 17. exf6 Bxf6 18. Nxc4 bxc4 19. Bc2 Qe8 20. Rh3 h6 21.
Qd2 e5 22. Rf3 exd4 23. Rxf6 Rxf6 24. Qxd4 Rf7 25. Nd2 Ba4 26. Bxa4 Rxa4 27. e4
0-1

[Event "European Youth Chess Championship B10"]
[Site "Prague, Top Hotel Prague"]
[Date "2016.08.24"]
[Round "6.18"]
[White "Caliskan, Seha"]
[Black "Dudarev, Vladislav"]
[Result "0-1"]
[WhiteElo "1645"]
[BlackElo "1821"]
[PlyCount "102"]
[EventDate "2016.08.18"]

1. d4 d5 2. Nf3 e6 3. c3 Nf6 4. Bg5 h6 5. Bh4 Be7 6. Nbd2 O-O 7. e3 Nbd7 8. Bd3
c5 9. O-O Qb6 10. Rb1 Bd6 11. Bg3 Bxg3 12. hxg3 c4 13. Bc2 Qa5 14. a3 b5 15. e4
dxe4 16. Nxe4 Bb7 17. Qe2 Nxe4 18. Bxe4 Bxe4 19. Qxe4 Nf6 20. Qe2 Nd5 21. Ne5
Qc7 22. Rfc1 Rfe8 23. b3 Rac8 24. b4 f6 25. Nf3 e5 26. dxe5 fxe5 27. Nh2 e4 28.
Nf1 Qe5 29. Qe1 Rcd8 30. Rb2 e3 31. f4 Qe4 32. Re2 Qd3 33. Rd1 Nxc3 34. Rxd3
Nxe2+ 35. Qxe2 cxd3 36. Qa2+ Kh8 37. Nxe3 Rxe3 38. Kf2 Re2+ 39. Qxe2 dxe2 40.
Kxe2 Kh7 41. g4 Rd4 42. Ke3 Rc4 43. g3 Rc3+ 44. Kd4 Rxg3 45. Kc5 a6 46. Kb6
Rxa3 47. f5 Ra4 48. Kc5 g6 49. f6 Kg8 50. Kd6 Kf7 51. Ke5 Rxb4 0-1

[Event "European Youth Chess Championship B10"]
[Site "Prague, Top Hotel Prague"]
[Date "2016.08.24"]
[Round "6.19"]
[White "Creanga, Robert-Ionut"]
[Black "Hlavina, Matous"]
[Result "1-0"]
[WhiteElo "1809"]
[BlackElo "1586"]
[PlyCount "41"]
[EventDate "2016.08.18"]

1. e4 e6 2. d4 d5 3. Nd2 c5 4. exd5 exd5 5. Ngf3 Nf6 6. Bb5+ Nc6 7. O-O c4 8.
Re1+ Be7 9. Ne5 Bd7 10. Nxd7 Qxd7 11. b3 Kf8 12. Bb2 a6 13. Bxc6 Qxc6 14. bxc4
dxc4 15. Qe2 Nd5 16. Nxc4 Re8 17. Ne5 Qc7 18. c4 Nb6 19. c5 Nd5 20. Nxf7 Nf4
21. Qc4 1-0

[Event "European Youth Chess Championship B10"]
[Site "Prague, Top Hotel Prague"]
[Date "2016.08.24"]
[Round "6.20"]
[White "Pedmanson, Albert"]
[Black "Krupa, Miroslav"]
[Result "0-1"]
[WhiteElo "1602"]
[BlackElo "1808"]
[PlyCount "130"]
[EventDate "2016.08.18"]

1. Nf3 d5 2. b3 Nc6 3. Bb2 Bg4 4. e3 e6 5. Bb5 Nge7 6. O-O a6 7. Be2 h6 8. Ne5
Bxe2 9. Qxe2 Nxe5 10. Bxe5 Nf5 11. e4 dxe4 12. Qxe4 Bd6 13. Bxd6 Nxd6 14. Qg4
O-O 15. Nc3 Nf5 16. Ne4 Nd4 17. Qd1 Qd5 18. d3 Rad8 19. f4 f5 20. c4 Qa5 21.
Nd2 Qc3 22. Nf3 Nc6 23. Qe2 Rfe8 24. Rad1 e5 25. fxe5 Nxe5 26. Nxe5 Qxe5 27.
Qh5 Qe3+ 28. Kh1 Qe2 29. Rxf5 Qxh5 30. Rxh5 Rxd3 31. Rb1 Rd2 32. a4 Rb2 33. Rd1
Rxb3 34. Rhd5 Rb4 35. Rc5 Re7 36. a5 b6 37. axb6 cxb6 38. Rc8+ Kh7 39. h3 a5
40. c5 bxc5 41. Rxc5 Ra7 42. Ra1 a4 43. Rc3 Kg6 44. Kh2 Kf5 45. Re3 Re4 46.
Rea3 Ke5 47. g4 Kd5 48. Kg3 Kc5 49. Kh4 g6 50. Rf1 Ra6 51. Rff3 Kb4 52. Rfd3 h5
53. Ra1 hxg4 54. hxg4 a3 55. Ra2 Rc4 56. Rdd2 Kb3 57. Kg5 Ra5+ 58. Kh4 Raa4 59.
Kh3 g5 60. Rg2 Rc3+ 61. Kh2 Rac4 62. Ra1 Rc2 63. Rb1+ Rb2 64. Ra1 Rxg2+ 65. Kh3
Rb2 0-1

[Event "European Youth Chess Championship B10"]
[Site "Prague, Top Hotel Prague"]
[Date "2016.08.24"]
[Round "6.21"]
[White "Merts, Dmitrii"]
[Black "Anghel, Iulian-Mihai"]
[Result "1/2-1/2"]
[WhiteElo "1590"]
[BlackElo "1777"]
[PlyCount "73"]
[EventDate "2016.08.18"]

1. e4 c6 2. Nc3 d5 3. Nf3 Bg4 4. h3 Bxf3 5. Qxf3 e6 6. d4 dxe4 7. Qxe4 Nf6 8.
Qh4 Be7 9. Bd3 Nbd7 10. Be3 Qc7 11. O-O O-O-O 12. Ne4 Nd5 13. Qg3 Qxg3 14. Nxg3
N7f6 15. a3 c5 16. c3 Rhf8 17. Ne2 Nxe3 18. fxe3 h6 19. Rf2 Nd7 20. Rf3 Bg5 21.
g3 Ne5 22. dxe5 Rxd3 23. Nf4 Bxf4 24. gxf4 g6 25. Kg2 Kc7 26. e4 Rfd8 27. Raf1
Kc6 28. Rxd3 Rxd3 29. Rf3 Rd7 30. b3 b5 31. b4 c4 32. Rf2 Rd3 33. Rf3 Rd2+ 34.
Rf2 Rd7 35. Rf3 a6 36. Rf2 Rd3 37. Rf3 1/2-1/2

[Event "European Youth Chess Championship B10"]
[Site "Prague, Top Hotel Prague"]
[Date "2016.08.24"]
[Round "6.22"]
[White "Piccinno, Matteo"]
[Black "Yudin, Mikhail"]
[Result "1-0"]
[WhiteElo "1772"]
[BlackElo "1530"]
[PlyCount "129"]
[EventDate "2016.08.18"]

1. d4 Nf6 2. Nf3 g6 3. c4 Bg7 4. g3 d6 5. Bg2 O-O 6. Nc3 c6 7. O-O Qb6 8. c5
dxc5 9. Na4 Qd8 10. Nxc5 Nbd7 11. Nb3 Nb6 12. Ne5 Nfd7 13. Nd3 Nc4 14. e4 Ndb6
15. Ndc5 a5 16. a4 Nd7 17. Nxd7 Qxd7 18. Qc2 b5 19. Rd1 Rd8 20. Bf1 Ne5 21. Nc5
Nf3+ 22. Kh1 Qa7 23. Be3 Nxd4 24. Qc3 e5 25. Rac1 Bg4 26. Rd2 Bf3+ 27. Kg1 b4
28. Qc4 Bg4 29. Kh1 Bf3+ 30. Bg2 Bxg2+ 31. Kxg2 Qe7 32. Rcd1 Kh8 33. f4 f6 34.
Bxd4 exd4 35. Rxd4 Rxd4 36. Qxd4 f5 37. e5 Bf8 38. Nd7 Rd8 39. e6+ Bg7 40. Qc4
Bxb2 41. Qxc6 Re8 42. Nc5 Bc3 43. Rd7 Qf8 44. Nb7 Qg8 45. e7 Qa2+ 46. Kh3 Qe2
47. Qb5 Rxe7 48. Rxe7 Qxe7 49. Nxa5 Qe1 50. Nb3 Qb1 51. Qc4 Qe4 52. Qf7 Qa8 53.
a5 Bg7 54. a6 Bh6 55. Qb7 Qd8 56. a7 Bxf4 57. a8=Q Bb8 58. Qbxb8 Qxb8 59. Qxb8+
Kg7 60. Qxb4 Kh6 61. Qf8+ Kh5 62. Kg2 g5 63. Qxf5 h6 64. Qf7+ Kg4 65. h3# 1-0

[Event "European Youth Chess Championship B10"]
[Site "Prague, Top Hotel Prague"]
[Date "2016.08.24"]
[Round "6.23"]
[White "Brass, Ezra"]
[Black "Georgiev, Konstantin"]
[Result "0-1"]
[WhiteElo "1529"]
[BlackElo "1760"]
[PlyCount "92"]
[EventDate "2016.08.18"]

1. e4 c5 2. c3 Nc6 3. d4 cxd4 4. cxd4 d5 5. e5 Bf5 6. a3 e6 7. Nc3 Qb6 8. Nf3
Bg4 9. Bb5 Bxf3 10. Qxf3 Qxd4 11. Qg3 Qb6 12. O-O Nge7 13. Rd1 Nf5 14. Qf4 g6
15. g4 Bh6 16. Qa4 Bxc1 17. Raxc1 Nfe7 18. Qf4 a6 19. Qf6 O-O 20. Bxc6 Nxc6 21.
Na4 Qc7 22. Re1 Rac8 23. Nc5 b6 24. Nd3 Qd8 25. Qf4 Qe7 26. g5 Na5 27. Rcd1 Rc4
28. Qg3 Nb3 29. Nf4 Nd4 30. b3 Nxb3 31. Ng2 Nd4 32. Ne3 Nf5 33. Nxf5 gxf5 34.
f4 Qc5+ 35. Kh1 Rc3 36. Rd3 Rc8 37. Ree3 Rxd3 38. Rxd3 Qc1+ 39. Kg2 Rc2+ 40.
Kh3 Qf1+ 41. Kh4 Rxh2+ 42. Qxh2 Qxd3 43. Kh5 Qf3+ 44. Kh6 d4 45. g6 Qg4 46.
gxh7+ Kh8 0-1

[Event "European Youth Chess Championship B10"]
[Site "Prague, Top Hotel Prague"]
[Date "2016.08.24"]
[Round "6.24"]
[White "Kabadayi, Suleyman Arda"]
[Black "Spizharny, Mikhail"]
[Result "0-1"]
[WhiteElo "1487"]
[BlackElo "1754"]
[PlyCount "88"]
[EventDate "2016.08.18"]

1. e4 c5 2. Nf3 e6 3. d4 cxd4 4. Nxd4 a6 5. Bd3 Ne7 6. O-O Nbc6 7. Nxc6 Nxc6 8.
Nc3 Be7 9. Be3 b5 10. f3 Bb7 11. Qd2 O-O 12. Rad1 Qc7 13. Qf2 d6 14. Ne2 Ne5
15. b3 Rac8 16. f4 Nd7 17. Ng3 Nf6 18. Qe2 b4 19. Bxa6 Bxa6 20. Qxa6 Ra8 21.
Qb6 Qxb6 22. Bxb6 Rxa2 23. Rd2 Rc8 24. Rff2 Kf8 25. c4 Ra1+ 26. Rf1 Rca8 27.
Bd4 Rxf1+ 28. Kxf1 Nd7 29. Ke2 Ra6 30. Nf1 Bf6 31. Bxf6 Nxf6 32. Ke3 Ke7 33.
Kd4 Nd7 34. Rb2 Nc5 35. e5 Ra1 36. exd6+ Kxd6 37. Nd2 Re1 38. Ra2 f6 39. Ra6+
Nxa6 40. Ne4+ Rxe4+ 41. Kxe4 Nc5+ 42. Kd4 Nxb3+ 43. Kd3 Kc5 44. Kc2 Kxc4 0-1

[Event "European Youth Chess Championship B10"]
[Site "Prague, Top Hotel Prague"]
[Date "2016.08.24"]
[Round "6.25"]
[White "Korsinskij, Nikolas"]
[Black "Dobre, Radu-Fabian"]
[Result "0-1"]
[WhiteElo "1442"]
[BlackElo "1718"]
[PlyCount "88"]
[EventDate "2016.08.18"]

1. e4 e5 2. Nf3 Nc6 3. d4 exd4 4. Nxd4 Bc5 5. Nb3 Bb6 6. a4 a6 7. Nc3 Nf6 8.
Bg5 d6 9. Qd2 h6 10. Bh4 Be6 11. a5 Ba7 12. O-O-O Bxb3 13. cxb3 Nxa5 14. Kc2
Nc6 15. Kb1 Qe7 16. e5 dxe5 17. Bg3 Rd8 18. Qc1 Rxd1 19. Qxd1 O-O 20. Bh4 Qe6
21. Bc4 Qf5+ 22. Ka1 Rd8 23. Nd5 Rd6 24. g4 Qg6 25. Bxf6 gxf6 26. Qf3 Bb6 27.
h4 Kf8 28. g5 Nd4 29. Qh3 f5 30. Nf6 c6 31. h5 Qg7 32. Ka2 Bd8 33. Re1 Bxf6 34.
gxf6 Qxf6 35. Rg1 b5 36. Bf1 Qe6 37. Qg3 a5 38. Qg8+ Ke7 39. Rg3 a4 40. Qb8
axb3+ 41. Ka3 c5 42. Qb7+ Rd7 43. Qa8 Qc6 44. Qxc6 Ra7+ 0-1

[Event "European Youth Chess Championship B10"]
[Site "Prague, Top Hotel Prague"]
[Date "2016.08.24"]
[Round "6.26"]
[White "Lystsov, Leonid"]
[Black "Larichev, Prokhor"]
[Result "1-0"]
[WhiteElo "1705"]
[BlackElo "1585"]
[PlyCount "87"]
[EventDate "2016.08.18"]

1. g3 Nf6 2. Bg2 e6 3. Nf3 Be7 4. O-O O-O 5. c4 Nc6 6. Nc3 d5 7. cxd5 Nxd5 8.
Nxd5 exd5 9. d4 Be6 10. Bf4 f6 11. a3 a5 12. b3 Qd7 13. Qd2 Rfd8 14. Qb2 Bd6
15. Bxd6 Qxd6 16. Rac1 Ra6 17. Qa2 Bf7 18. e3 Ne7 19. Rc3 c6 20. Ne1 Bh5 21.
Nd3 b6 22. Rfc1 Be8 23. Bf1 Raa8 24. Qd2 b5 25. b4 a4 26. Nc5 Rac8 27. Nb7 Qc7
28. Nxd8 Qxd8 29. Qc2 Rb8 30. Bd3 g6 31. Rd1 f5 32. f3 Kh8 33. Qf2 Bd7 34. e4
Qc7 35. exf5 Nxf5 36. Bxf5 Bxf5 37. Re3 Bd7 38. Rde1 Qd6 39. Re7 Rf8 40. Qe3
Rf5 41. Qh6 Qxe7 42. Rxe7 Rf7 43. Rxf7 Be8 44. Qxh7# 1-0

[Event "European Youth Chess Championship B10"]
[Site "Prague, Top Hotel Prague"]
[Date "2016.08.24"]
[Round "6.27"]
[White "Kienboeck, Benjamin"]
[Black "Lazavik, Denis"]
[Result "0-1"]
[WhiteElo "1434"]
[BlackElo "1704"]
[PlyCount "74"]
[EventDate "2016.08.18"]

1. e4 g6 2. d4 Bg7 3. Nc3 a6 4. Bf4 d6 5. e5 Nd7 6. exd6 cxd6 7. d5 Ngf6 8. Nf3
Qa5 9. Qd2 O-O 10. Be2 Nb6 11. Rd1 Bg4 12. h3 Bxf3 13. Bxf3 Nc4 14. Qc1 Qb4 15.
Bd2 Nxd2 16. Rxd2 Bh6 17. Rd4 Qxd4 18. Qxh6 Qe5+ 19. Kd1 b5 20. Re1 Qd4+ 21.
Kc1 Rfe8 22. Re2 Nd7 23. Qg5 Qf6 24. Qd2 Ne5 25. Ne4 Qg7 26. Ng5 Nc4 27. Qc3
Qxc3 28. bxc3 h6 29. Ne4 Ne5 30. Re3 Rac8 31. Be2 f5 32. Nd2 f4 33. Re4 Rxc3
34. Rxf4 Rec8 35. Bg4 Nd3+ 36. Kd1 Nxf4 37. Bxc8 Rxc8 0-1

[Event "European Youth Chess Championship B10"]
[Site "Prague, Top Hotel Prague"]
[Date "2016.08.24"]
[Round "6.28"]
[White "Bancarewicz, Aleks"]
[Black "Fiszer, Bartosz"]
[Result "1/2-1/2"]
[WhiteElo "1444"]
[BlackElo "1690"]
[PlyCount "57"]
[EventDate "2016.08.18"]

1. e4 e6 2. d4 d5 3. Nc3 Bb4 4. e5 c5 5. a3 Bxc3+ 6. bxc3 Qc7 7. Bd3 Nc6 8. Be3
Nge7 9. Nf3 Bd7 10. O-O c4 11. Be2 Nf5 12. Bd2 O-O-O 13. Bg5 Rdf8 14. Qd2 h5
15. Rfb1 f6 16. exf6 gxf6 17. Bh4 Nce7 18. Bg3 Nxg3 19. hxg3 Nf5 20. Nh4 Nxh4
21. gxh4 Rfg8 22. Bf3 Be8 23. Rb4 a5 24. Rb2 a4 25. Rab1 b5 26. Qe3 Qd6 27. Rb4
Rg7 28. Re1 Bd7 29. Rd1 1/2-1/2

[Event "European Youth Chess Championship B10"]
[Site "Prague, Top Hotel Prague"]
[Date "2016.08.24"]
[Round "6.29"]
[White "Wojdak, Jan"]
[Black "Kirushin, Ivan"]
[Result "1-0"]
[WhiteElo "1681"]
[BlackElo "1571"]
[PlyCount "79"]
[EventDate "2016.08.18"]

1. e4 c5 2. Nf3 d6 3. d4 cxd4 4. Nxd4 Nf6 5. Nc3 g6 6. Be3 Bg7 7. f3 Nc6 8. Qd2
O-O 9. O-O-O d5 10. Qe1 e5 11. Nxc6 bxc6 12. exd5 cxd5 13. Bg5 Bb7 14. Qxe5 h6
15. Bxf6 Bxf6 16. Qe1 Re8 17. Qd2 Rc8 18. Nb5 a6 19. Nd4 Qc7 20. Ne2 d4 21. h4
Re3 22. Ng1 Rc3 23. bxc3 dxc3 24. Qd6 Qa5 25. a3 Rd8 26. Qb4 Qe5 27. Rxd8+ Bxd8
28. Ne2 Qe3+ 29. Kb1 Qd2 30. Qxc3 Qd1+ 31. Kb2 Qd6 32. Kc1 Bc6 33. Qd3 Qf6 34.
Qc3 Qd6 35. g3 Bb5 36. Nd4 Qxg3 37. Bxb5 axb5 38. Re1 Qxh4 39. Re8+ Kh7 40.
Rh8+ 1-0

[Event "European Youth Chess Championship B10"]
[Site "Prague, Top Hotel Prague"]
[Date "2016.08.24"]
[Round "6.30"]
[White "Sultanahmedov, Bulat"]
[Black "Aslanov, Umid"]
[Result "1/2-1/2"]
[WhiteElo "1356"]
[BlackElo "1651"]
[PlyCount "63"]
[EventDate "2016.08.18"]

1. e4 c5 2. Nc3 d6 3. f4 g6 4. Bb5+ Bd7 5. Bxd7+ Qxd7 6. Nf3 Bg7 7. O-O Nc6 8.
d3 Nf6 9. Qe1 h5 10. Bd2 Nd4 11. Nxd4 cxd4 12. Ne2 e5 13. Qd1 h4 14. c3 Ng4 15.
cxd4 exd4 16. Qb3 h3 17. g3 Rc8 18. Rac1 O-O 19. f5 Ne5 20. Nxd4 Rxc1 21. Bxc1
Qc7 22. fxg6 Nxg6 23. Nf5 Ne5 24. d4 Nc6 25. Qe3 Ne7 26. Nxg7 Kxg7 27. Qh6+ Kg8
28. Bg5 Qc2 29. Rf2 Qd1+ 30. Rf1 Qxd4+ 31. Rf2 Qd1+ 32. Rf1 1/2-1/2

[Event "European Youth Chess Championship B10"]
[Site "Prague, Top Hotel Prague"]
[Date "2016.08.24"]
[Round "6.31"]
[White "Palchuk, Andrii"]
[Black "Damjanovic, Vuk"]
[Result "1-0"]
[WhiteElo "1649"]
[BlackElo "1412"]
[PlyCount "81"]
[EventDate "2016.08.18"]

1. d4 d5 2. Nf3 Nf6 3. e3 c5 4. Be2 Nc6 5. O-O Bg4 6. Nbd2 e6 7. b3 cxd4 8.
exd4 Be7 9. Bb2 O-O 10. Ne5 Bxe2 11. Qxe2 Nxe5 12. dxe5 Nd7 13. c4 Nb6 14. Rfd1
Rc8 15. f4 Bc5+ 16. Kh1 Qh4 17. Rf1 g6 18. Rf3 Rfd8 19. Raf1 Bb4 20. Rh3 Qe7
21. cxd5 Nxd5 22. Ne4 Qc7 23. Qg4 Bf8 24. Qh4 h6 25. Ba3 Bg7 26. Nf6+ Nxf6 27.
exf6 Bf8 28. Bxf8 Kxf8 29. Qxh6+ Ke8 30. Qg7 Qxf4 31. Rh8+ Kd7 32. Qxf7+ Kc6
33. Qxe6+ Kb5 34. a4+ Ka5 35. Qe1+ Qb4 36. Qxb4+ Kxb4 37. Rxd8 Rxd8 38. f7 Rf8
39. Rf3 g5 40. h3 a6 41. Kg1 1-0

[Event "European Youth Chess Championship B10"]
[Site "Prague, Top Hotel Prague"]
[Date "2016.08.24"]
[Round "6.32"]
[White "Zachary, Bastian"]
[Black "Tobak, Mikhail"]
[Result "0-1"]
[WhiteElo "1621"]
[BlackElo "1315"]
[PlyCount "58"]
[EventDate "2016.08.18"]

1. d4 Nf6 2. c4 g6 3. Nc3 Bg7 4. e4 d6 5. Nf3 O-O 6. Be2 Nbd7 7. O-O e5 8. dxe5
dxe5 9. Be3 c6 10. Qc2 Qc7 11. Rad1 Re8 12. Ne1 b6 13. Nd3 Nf8 14. c5 b5 15. f4
Ne6 16. Nxe5 b4 17. Nb1 g5 18. Nd3 Nxe4 19. Nxb4 Nxf4 20. Bxf4 gxf4 21. Nd3
Bd4+ 22. Kh1 Be3 23. Bf3 Bf5 24. Bxe4 Rxe4 25. Nd2 Rd4 26. Nb3 Rd5 27. Qc3 Rad8
28. Nbc1 Bxc1 29. Qxc1 Rxd3 0-1

[Event "European Youth Chess Championship B10"]
[Site "Prague, Top Hotel Prague"]
[Date "2016.08.24"]
[Round "6.33"]
[White "Stefanou, Dimitrios"]
[Black "Maurizzi, Marc Andria"]
[Result "0-1"]
[WhiteElo "1439"]
[BlackElo "1824"]
[PlyCount "130"]
[EventDate "2016.08.18"]

1. d4 Nf6 2. Nf3 c5 3. c3 g6 4. Bg5 Ne4 5. Bh4 Bg7 6. e3 O-O 7. Nbd2 Nxd2 8.
Qxd2 cxd4 9. exd4 d5 10. Bd3 Nc6 11. O-O Bg4 12. Qf4 Bxf3 13. Qxf3 Qd7 14. Bg3
e5 15. dxe5 Nxe5 16. Bxe5 Bxe5 17. Rad1 Rad8 18. Rfe1 Qc7 19. g3 Bg7 20. Bf1
Qc5 21. Bg2 d4 22. cxd4 Bxd4 23. b3 Rfe8 24. Rxe8+ Rxe8 25. Bf1 b5 26. Kg2 a6
27. h4 Re6 28. Qf4 Be5 29. Qh6 Qc6+ 30. Kh2 Qb6 31. Bg2 Re8 32. Qd2 Qf6 33. f4
Bc7 34. Qc2 Bb8 35. a4 b4 36. Qc6 Qxc6 37. Bxc6 Re2+ 38. Kh3 Ba7 39. Rd3 h5 40.
Bg2 Rc2 41. Bd5 Bg1 42. Bg2 Kf8 43. Rd1 Bf2 44. Rd3 Ke7 45. Bd5 Bg1 46. Bg2 f5
47. Rd1 Bf2 48. Rd3 Rc3 49. Bf1 Rc2 50. Bg2 Rc3 51. Bf1 Ke6 52. Kg2 Be1 53. Kf3
a5 54. Be2 Rc2 55. Re3+ Kd6 56. Kg2 Kd5 57. Kf3 Rc3 58. Rxc3 bxc3 59. Bd3 Kc5
60. Bc2 Kb4 61. Kg2 Ka3 62. Kf3 Kb2 63. b4 Kxc2 64. b5 Kd3 65. b6 c2 0-1

[Event "European Youth Chess Championship B10"]
[Site "Prague, Top Hotel Prague"]
[Date "2016.08.24"]
[Round "6.34"]
[White "Bogusz, Alan"]
[Black "Djurovic, Peko"]
[Result "1-0"]
[WhiteElo "1428"]
[BlackElo "1577"]
[PlyCount "108"]
[EventDate "2016.08.18"]

1. d4 d5 2. c4 e6 3. Nf3 Nf6 4. g3 Nbd7 5. Qc2 Be7 6. Bg2 O-O 7. O-O dxc4 8.
Qxc4 Nb6 9. Qc2 Nfd5 10. Nc3 Bd7 11. e4 Nb4 12. Qe2 c5 13. dxc5 Bxc5 14. a3 Nc6
15. Be3 Bxe3 16. Qxe3 Qe7 17. Rfd1 Rfd8 18. Ne2 Nc4 19. Qc3 Nb6 20. Nf4 Rac8
21. Rac1 Nb8 22. Qe3 Nc4 23. Qb3 Na5 24. Qe3 Ba4 25. Rxd8+ Rxd8 26. h4 b6 27.
Ne2 e5 28. Nc3 Bb3 29. Bh3 Nc4 30. Qe2 Na5 31. Nd2 Nbc6 32. Nxb3 Nxb3 33. Nd5
Rxd5 34. Rxc6 Rc5 35. Rxc5 Qxc5 36. Qd3 Nd4 37. Kg2 g6 38. Bg4 Qc2 39. Qxc2
Nxc2 40. Kf3 Kg7 41. Ke2 Nd4+ 42. Kd3 f5 43. Bd1 Kf6 44. f4 Ke6 45. h5 fxe4+
46. Kxe4 Nc6 47. Ba4 Na5 48. hxg6 hxg6 49. fxe5 Nc4 50. Bb3 b5 51. Bxc4+ bxc4
52. g4 g5 53. a4 a5 54. Kd4 Kd7 1-0

[Event "European Youth Chess Championship B10"]
[Site "Prague, Top Hotel Prague"]
[Date "2016.08.24"]
[Round "6.35"]
[White "Gherghinoiu, Lucas"]
[Black "Bobkov, Timofey"]
[Result "1-0"]
[WhiteElo "1573"]
[BlackElo "1243"]
[PlyCount "47"]
[EventDate "2016.08.18"]

1. e4 e5 2. Nf3 Nc6 3. Bc4 Bc5 4. d3 Nf6 5. Bb3 h6 6. O-O d6 7. c3 O-O 8. Nbd2
Bg4 9. Re1 Nh7 10. Nf1 Kh8 11. h3 Bh5 12. Ng3 Bxf3 13. Qxf3 Ng5 14. Bxg5 Qxg5
15. Rad1 a5 16. Ba4 Ne7 17. d4 exd4 18. cxd4 Bb4 19. Re2 d5 20. e5 Ng6 21. Re3
c6 22. Bc2 Nh4 23. Qe2 f5 24. exf6 1-0

[Event "European Youth Chess Championship B10"]
[Site "Prague, Top Hotel Prague"]
[Date "2016.08.24"]
[Round "6.35"]
[White "Gherghinoiu, Lucas"]
[Black "Bobkov, Timofey"]
[Result "1-0"]
[WhiteElo "1573"]
[BlackElo "1243"]
[PlyCount "99"]
[EventDate "2016.08.18"]

1. e4 e6 2. d4 d5 3. Nc3 dxe4 4. Nxe4 Nd7 5. Nf3 Ngf6 6. Bd3 Be7 7. c3 b6 8.
Nxf6+ Nxf6 9. Ne5 O-O 10. Nc6 Qd6 11. Qf3 Bd7 12. Nxe7+ Qxe7 13. Bg5 e5 14. Be4
Rae8 15. O-O-O h6 16. Bxf6 Qxf6 17. Qxf6 gxf6 18. dxe5 Rxe5 19. Rxd7 Rxe4 20.
Rxc7 Re2 21. Rd1 Rxf2 22. Rd2 Rf1+ 23. Kc2 Re8 24. Rxa7 Ree1 25. Kb3 Rh1 26. g3
Re6 27. Kb4 Rf1 28. c4 f5 29. Kb5 f4 30. gxf4 Rxf4 31. b4 Rf5+ 32. c5 Rfe5 33.
Rb7 bxc5 34. bxc5 f5 35. Rd8+ Re8 36. Rxe8+ Rxe8 37. c6 f4 38. c7 f3 39. Rb8 f2
40. Rxe8+ Kg7 41. Rf8 Kxf8 42. c8=Q+ Kg7 43. Qh3 Kg6 44. Qg3+ Kh5 45. Qxf2 Kg4
46. Kc4 h5 47. Kd4 h4 48. Ke4 h3 49. Qg3+ Kh5 50. Qxh3+ 1-0

[Event "European Youth Chess Championship B10"]
[Site "Prague, Top Hotel Prague"]
[Date "2016.08.24"]
[Round "6.38"]
[White "Goncharenko, Oleksii"]
[Black "Kopaloff, Liam"]
[Result "1/2-1/2"]
[WhiteElo "1418"]
[BlackElo "1479"]
[PlyCount "82"]
[EventDate "2016.08.18"]

1. Nf3 Nf6 2. d4 b5 3. Bf4 Bb7 4. e3 a6 5. Nbd2 e6 6. a3 d5 7. Bd3 Nbd7 8. O-O
c5 9. c3 Be7 10. a4 c4 11. Be2 O-O 12. b3 Nh5 13. Bg3 Nxg3 14. hxg3 Bd6 15.
axb5 axb5 16. Qc2 Nf6 17. Rfb1 Qc7 18. Rxa8 Rxa8 19. bxc4 bxc4 20. Qb2 Rb8 21.
Bd1 Bc6 22. Qxb8+ Qxb8 23. Rxb8+ Bxb8 24. Nb1 Bd6 25. Kf1 Kf8 26. Ke2 Nd7 27.
Nfd2 Nb6 28. Bc2 Ba4 29. Kd1 Ke7 30. Bxa4 Nxa4 31. Kc2 Kd7 32. Nf3 f6 33. Nfd2
Kc6 34. Nf3 Nb6 35. Nfd2 Nd7 36. Nf3 f5 37. Ng5 h6 38. Nxe6 g6 39. Nf4 g5 40.
Ne2 Nf6 41. f3 Nh5 1/2-1/2

[Event "European Youth Chess Championship B10"]
[Site "Prague, Top Hotel Prague"]
[Date "2016.08.24"]
[Round "6.39"]
[White "Foughali, Younes"]
[Black "Kanli, Alperen"]
[Result "1-0"]
[WhiteElo "1359"]
[BlackElo "1470"]
[PlyCount "73"]
[EventDate "2016.08.18"]

1. e4 e6 2. d4 d5 3. e5 c5 4. c3 Nc6 5. Nf3 Qb6 6. a3 a5 7. Be2 Bd7 8. O-O Nh6
9. dxc5 Bxc5 10. c4 Ng4 11. Qe1 Nxf2 12. Rxf2 Bxf2+ 13. Qxf2 Qxf2+ 14. Kxf2 d4
15. Nbd2 f6 16. exf6 gxf6 17. Ne4 Ke7 18. Bd2 e5 19. Nc5 b6 20. Nxd7 Kxd7 21.
Bd3 Ne7 22. Re1 Kd6 23. b3 Ng6 24. h4 Ne7 25. g4 Nc6 26. Be4 Raf8 27. Bh6 Rf7
28. Kg3 Re8 29. Bxc6 Kxc6 30. Nxd4+ Kb7 31. Nf5 Rd7 32. Re3 Kc7 33. Bg7 Rg8 34.
Bxf6 Re8 35. Kf3 Red8 36. Ke4 Re8 37. g5 1-0

[Event "European Youth Chess Championship B10"]
[Site "Prague, Top Hotel Prague"]
[Date "2016.08.24"]
[Round "6.40"]
[White "Scurtu, Alexandr"]
[Black "Unguroiu, Razvan-Marius"]
[Result "0-1"]
[WhiteElo "1335"]
[BlackElo "1450"]
[PlyCount "102"]
[EventDate "2016.08.18"]

1. e4 c5 2. Nf3 e6 3. d4 cxd4 4. Nxd4 a6 5. Nc3 Qc7 6. Be3 Nf6 7. f3 b5 8. Qd2
Bb7 9. g4 b4 10. Nce2 d5 11. e5 Nfd7 12. f4 Nc5 13. Bg2 Nbd7 14. h4 Nb6 15. b3
Nbd7 16. g5 Rb8 17. h5 Be7 18. Kf2 Nf8 19. Nc1 Ba8 20. Nd3 Rg8 21. Rac1 Qa5 22.
Nxc5 Bxc5 23. c3 bxc3 24. Qxc3 Qxc3 25. Rxc3 Bb6 26. Bf1 Bb7 27. Bd3 g6 28.
hxg6 hxg6 29. Ke2 Nd7 30. b4 Ra8 31. a3 Kf8 32. Rh7 Rg7 33. Rh8+ Rg8 34. Rxg8+
Kxg8 35. Nc6 Kg7 36. Bxb6 Nxb6 37. Na5 Rc8 38. Rb3 Ba8 39. Bxa6 Rc2+ 40. Kd3
Rf2 41. Ke3 Rh2 42. Bf1 Rh1 43. Kf2 Rh4 44. Kg3 Rh1 45. Bg2 Rg1 46. Kf2 Ra1 47.
Bf1 d4 48. Nc4 Bd5 49. b5 Rxf1+ 50. Ke2 Bxc4+ 51. Kd2 Bxb3 0-1